000 01095nam a2200301 a 4500
001 33389
003 BD-RjUL
005 20211209052011.0
008 140507s1975 nyu b 001 0 eng d
020 _a0444990062
035 _aCURL 980075008274(Lc ) from jrlcr232
_a(BD-RjUL)33480
040 _aBD-RjUL
_beng
_cBD-RjUL
_dBD-RjUL
041 _aeng
082 _bLAI 1975
100 1 _aLazarsfeld, Paul F.
_d1901-1976.
_9101337
245 1 3 _aAn introduction to applied sociology /
_cby Paul F. Lazarsfeld and Jeffrey G. Reitz ; with the collaboration of Ann K. Pasanella
260 _aNew York ;
_aOxford :
_bElsevier,
_cc1975.
300 _avii, 196 p. ;
_c24 cm
504 _aIncludes bibliographical references and index.
650 0 _aPolicy sciences
_vCase studies.
_9101338
650 0 _aSociology
_9101339
650 0 _aSocial sciences
_xResearch
_zUnited States
_xCase studies
_9101340
650 0 _aSociology
_xResearch
_zUnited States
_xCase studies
_9101341
700 1 _aPasanella, Ann K.
_9101342
700 1 _aReitz, Jeffrey G.
_9101343
942 _2ddc
_cBK
999 _c33389
_d33389